Logo BPK

Biblioteka

Politechniki Koszalińskiej

Użytkowanie gruntów, powierzchnia zasiewów i pogłowie zwierząt gospodarskich : (Rekord nr 35433)

Szczegóły MARC
000 -ETYKIETA REKORDU
podpole kontrolne o stałej długości 01014nam a2200253 i 4500
001 - NUMER KONTROLNY REKORDU
pole kontrolne bg
020 ## - MIĘDZYNARODOWY ZNORMALIZOWANY NUMER KSIĄŻKI - ISBN
ISBN 8388718207
040 ## - ŹRÓDŁO KATALOGOWANIA
Instytucja, która utworzyła rekord BPK
041 0# - KOD JĘZYKA
Kod języka tekstu pol
080 ## - UNIWERSALNA KLASYFIKACJA DZIESIĘTNA - UKD
UKD 63:338.43](438)"1989/..."(083.41)
920 ## - Międzynarodowy znormalizowany numer książki – ISBN
ISBN 83-88718-20-7
008 - POLE O STAŁEJ DŁUGOŚCI - DANE KONTROLNE
podpole kontrolne o stałej długości s pl f |000 0 pol
245 00 - TYTUŁ/ODPOWIEDZIALNOŚĆ
Tytuł Użytkowanie gruntów, powierzchnia zasiewów i pogłowie zwierząt gospodarskich :
Ciąg dalszy tytułu województwo zachodniopomorskie /
Pozostałe elementy strefy tytułu i oznaczenia odpowiedzialności [zespół pod kier. Alfredy Gibowskiej] ; Urząd Statystyczny w Szczecinie.
260 ## - STREFA ADRESU WYDAWNICZEGO
Miejsce wydania Szczecin :
Nazwa wydawcy/dystrybutora US,
Data publikacji, dystrybucji/powstania dokumentu 2003.
300 ## - STREFA OPISU FIZYCZNEGO
Objętość 148 s. :
Inne cechy fizyczne wykr. ;
Rozmiary 30 cm.
490 1# - STREFA SERII I DOKUMENTU WIELOCZĘŚCIOWEGO - FORMA NIE DO WYSZUKIWANIA
Tytuł i oznaczenie odpowiedzialności serii Narodowy Spis Powszechny Ludności i Mieszkań, Powszechny Spis Rolny 2002
650 #9 - HASŁO PRZEDMIOTOWE W FORMIE NAZWY OGÓLNEJ LUB JEDNOSTKOWEJ
Nazwa ogólna lub geograficzna Rolnictwo
Określnik geograficzny Polska
Określnik chronologiczny stan na 2003 r.
651 #9 - HASŁO PRZEDMIOTOWE W FORMIE NAZWY GEOGRAFICZNEJ
Nazwa geograficzna Zachodniopomorskie, województwo
Określnik ogólny rolnictwo
Określnik geograficzny stan na 2003 r.
655 ## - TERMIN INDEKSOWY - OKREŚLENIE RODZAJU/FORMY DOKUMENTU
Określenie rodzaju/formy dokumentu Dane statystyczne
700 1# - HASŁO DODATKOWE - NAZWA OSOBOWA
Nazwa osobowa GIBOWSKA, Alfreda.
Określenie związku między hasłem a opisywanym materiałem Red.
710 0# - HASŁO DODATKOWE - NAZWA CIAŁA ZBIOROWEGO
Nazwa ciała zbiorowego lub jednostki geograficznej Urząd Statystyczny (Szczecin)
830 ## - HASŁO DODATKOWE SERII LUB DOKUMENTU WIELOCZĘŚCIOWEGO - TYTUŁ UJEDNOLICONY
Tytuł ujednolicony Narodowy Spis Powszechny Ludności i Mieszkań, Powszechny Spis Rolny 2002
856 ## - LOKALIZACJA I DOSTĘP DO ELEKTRONICZNYCH DOKUMENTÓW ZDALNYCH
Link (URL) http://koha.tu.koszalin.pl/cgi-bin/koha/opac-detail.pl?biblionumber=35433
Tekst linku Katalog online BPK
942 ## - DODATKOWE ELEMENTY (KOHA)
Typ dokumentu Książka
Egzemplarze
Wycofany Status egzemplarza Uszkodzony Dostępność Lokalizacja stała Lokalizacja bieżąca Miejsce przechowywania Sygnatura Kod kreskowy Dział Typ dokumentu
      Tylko na miejscu Biblioteka Politechniki Koszalińskiej Biblioteka Politechniki Koszalińskiej Czytelnia BG S 153 02047010 63 Rolnictwo Książka
© 2023 Biblioteka Politechniki Koszalińskiej :: KOHA